01010nam a2200277 i 4500003000900000005001700009007000300026008004100029040003000070041000800100082001800108100004300126245010000169250002200269264004600291300004900337336002700386337003300413338002800446590002700474700005600501910001400557942001400571952013000585999001700715DO-SdBNP20250716102811.0ta250716s1997 dr o 000 0 spa d aDO-SdBNPbspacBNPHUerda aspa 4axxxbF8972221 aFrías, Saloméeautora9160204aut.10aMujeres en buena lid :bepistolario /cSalomé Frías ; prólogo, Ana Silvia Reynoso de Abud aPrimera edición 1aSanto Domingo :bBrios Publicidad,c1997. a79, [4] páginas :bfotografías ;c27 cm. atextobtxt2rdacontent asin mediaciónbn2rdamedia avolumenbnc2rdacarrier aInventariado, 2025/ YL1 aReynoso de Abud, Ana Silvia eprólogo4pr.925318 aYLockward 2ddccLBS1 00102ddc51708PDaBNPHUbBNPHUcCTd2023-03-24eDonación l0oBNPHU PD xxx F897p2025-6619r2025-07-16w2025-07-16yLBS1 c59555d59555